All Lonely Planet guides with a map - Statistics

General Stats
  • This quiz has been taken 1,419 times
  • The average score is 219 of 337
Answers on the Map
Answers color-coded by a green-red scale on the quiz's map according to % correct below.
 
Answer Stats
World Region Type of guide Answer % Correct
Europe Country guide | Trips guide Great Britain
91%
Europe Country guide Russia
91%
North America Country guide | Trips guide Canada
90%
Asia Country guide China
89%
Europe Country guide | Trips guide Ireland
89%
North America Country guide Mexico
89%
South America Country guide Argentina
88%
South America Country guide Brazil
88%
Asia Country guide Japan
88%
Europe Country guide Spain
88%
North America Region guide Alaska
87%
South America Country guide Chile and Easter Island
87%
Africa Country guide Egypt
87%
Europe Country guide Finland
87%
Europe Country guide | Trips guide France
87%
Africa Country guide Morocco
87%
Europe Country guide Norway
87%
Europe Country guide Sweden
87%
Europe/Asia Country guide Turkey
87%
Pacific and Australia Country guide | Trips guide Australia
86%
Europe Trips guide Germany, Austria & Switzerland
86%
Asia Country guide India
86%
Asia Country guide Mongolia
86%
South America Country guide Peru
86%
Europe Country guide Portugal
86%
Africa Multi-Country guide South Africa, Lesotho and Swaziland/Eswatini
86%
South America Country guide Colombia
85%
Europe Country guide Germany
85%
Europe Country guide Greece
85%
Asia Country guide Indonesia
85%
Asia Country guide Iran
85%
Africa Country guide Madagascar
85%
North America City guide | Pocket guide New York City
85%
Europe Country guide Poland
85%
Europe City guide | Pocket guide Rome
85%
North America Region guide Texas
85%
Europe Country guide Ukraine
85%
Asia Multi-country guide Vietnam, Cambodia, Laos and Northern Thailand
85%
South America Country guide Bolivia
84%
North America Region guide | Trips guide California
84%
Caribbean Country guide Cuba
84%
North America Trips guide Florida & the South
84%
Europe Country guide | Trips guide Italy
84%
Asia Multi-country guide Malaysia, Singapore and Brunei
84%
Asia Country guide Thailand
84%
Africa Multi-Country guide Ethiopia and Djibouti
83%
North America Region guide Florida
83%
Europe Country guide Iceland
83%
Europe Trips guide Iceland's ring road
83%
Middle East Country guide Israel & the Palestinian Territories
83%
Africa Country guide Kenya
83%
Asia Country guide Korea
83%
Europe City guide | Pocket guide Madrid
83%
Europe City guide Moscow
83%
Europe Pocket guide Moscow and Saint Petersburg
83%
Pacific and Australia Trips guide New Zealand
83%
Europe City guide | Pocket guide Paris
83%
Asia Country guide Philippines
83%
Asia Country guide Sri Lanka
83%
Asia Country guide Vietnam
83%
Europe City guide | Pocket guide Barcelona
82%
Europe Multi-country guide Belgium and Luxembourg
82%
Europe Country guide Denmark
82%
South America Country guide Ecuador & the Galapagos Islands
82%
Europe Pocket guide Lisbon
82%
Asia Country guide Nepal
82%
Asia Country guide Taiwan
82%
Asia City guide | Pocket guide Tokyo
82%
Europe Country guide Austria
81%
Europe City guide | Pocket guide Berlin
81%
Europe City guide | Pocket guide Dublin
81%
Middle East Country guide Jordan
81%
Asia Country guide Myanmar
81%
Europe Pocket guide Nice and Monaco
81%
Asia City guide | Pocket guide Seoul
81%
Europe Country guide The Netherlands
81%
North America Region guide Washington, Oregon & the Pacific Northwest
81%
Europe City guide | Pocket guide Amsterdam
80%
Europe Country + City guide Budapest and Hungary
80%
Europe Multi-country guide Estonia, Latvia and Lithuania
80%
Europe City guide | Pocket guide London
80%
Central America Country guide Panama
80%
Europe Country + City guide Prague and the Czech Republic
80%
Africa Country guide Tanzania
80%
Asia Country guide Laos
79%
Europe Multi-country guide Romania and Bulgaria
79%
Asia Country + City guide | Pocket guide Singapore
79%
Europe Country guide Switzerland
79%
Europe Pocket guide Athens
78%
Asia Country guide Bangladesh
78%
Europe Pocket guide Bruges and Brussels
78%
Asia Country guide Cambodia
78%
Europe Country guide Croatia
78%
Europe Multi-country guide | Trips guide Europe
78%
Central America Country guide Guatemala
78%
Asia Country guide Maldives
78%
North America City guide Vancouver and Victoria
78%
Europe Pocket guide Warsaw
78%
Africa Multi-Country guide West Africa
78%
Asia City guide | Pocket guide Beijing
77%
Asia Country guide Bhutan
77%
Africa Multi-Country guide Botswana and Namibia
77%
Central America Country guide Costa Rica
77%
Asia Region guide Goa and Mumbai
77%
Asia City guide | Pocket guide Hong Kong
77%
Europe/Asia City guide | Pocket guide Istanbul
77%
Asia Pocket guide Kyoto and Osaka
77%
Europe Region guide Munich, Bavaria and the Black Forest
77%
North America Region guide New York & the Mid-Atlantic
77%
Middle East City guide Dubai and Abu Dhabi
76%
Europe Pocket guide Milan
76%
Europe Pocket guide Munich
76%
Europe Region guide Naples, Pompeii and the Amalfi Coast
76%
Europe Pocket guide Naples & the Amalfi coast
76%
North America Trips guide New York & the Mid-Atlantic
76%
Central America Country guide Nicaragua
76%
Middle East Multi-Country guide Oman, UAE and the Arabian Peninsula
76%
Pacific and Australia Multi-Country guide Papua New Guinea and Solomon Islands
76%
Europe Region guide Sicily
76%
Europe Pocket guide Stockholm
76%
North America City guide | Pocket guide Washington, DC
76%
Africa Multi-Country guide Zambia, Mozambique and Malawi
76%
Europe/Asia Country guide Cyprus
75%
Middle East Pocket guide Dubai
75%
Europe/Asia Multi-country guide Georgia, Armenia and Azerbaijan
75%
Middle East Pocket guide Jerusalem and Tel Aviv
75%
Pacific and Australia Region guide Melbourne & Victoria
75%
Europe Pocket guide Oslo
75%
Europe Pocket guide Prague
75%
Asia City guide | Pocket guide Shanghai
75%
Europe City guide | Pocket guide Vienna
75%
North America City guide | Pocket guide Boston
74%
Europe Pocket guide Porto
74%
Europe City guide Saint Petersburg
74%
Europe Country guide Slovenia
74%
Pacific and Australia City guide | Pocket guide Sydney
74%
Asia Region guide Tibet
74%
Africa Multi-Country guide Africa
73%
Europe Pocket guide Copenhagen
73%
Caribbean Country guide Jamaica
73%
Asia Region guide Rajastan, Delhi and Agra
73%
Asia Pocket guide Taipei
73%
Europe Pocket guide Venice
73%
Central America Country guide Belize
72%
Europe Pocket guide Budapest
72%
North America City guide | Pocket guide Chicago
72%
North America Pocket guide Los Angeles
72%
North America City guide Montréal and Québec City
72%
North America Pocket guide Montréal and Quebéc City
72%
North America City guide | Pocket guide Seattle
72%
Europe Pocket guide Helsinki
71%
Europe Region guide Malta & Gozo
71%
Europe Region guide Scotland
71%
North America Country guide | Trips guide USA
71%
North America National Parks guide USA's national parks
71%
Europe Region guide Wales
71%
Asia City guide | Pocket guide Bangkok
70%
Europe Pocket guide Belfast & the Causeway Coast
70%
Europe Pocket guide | Region guide Florence & Tuscany
70%
Europe Pocket guide Hamburg
70%
Europe Pocket guide Krakow
70%
North America Region guide Los Angeles, San Diego & Southern California
70%
Africa Multi-Country guide Mauritius, Réunion and Seychelles
70%
North America Pocket guide Toronto
70%
Middle East Pocket guide Abu Dhabi
69%
North America Region guide Colorado
69%
Europe Region guide Greek Islands
69%
Caribbean Pocket guide Havana
69%
North America Pocket guide Las Vegas
69%
Pacific and Australia Pocket guide Melbourne
69%
North America Region guide Cancun, Cozumel & Yucatan
68%
Asia Pocket guide Delhi and Agra
68%
Caribbean Country guide Dominican Republic
68%
Europe Region guide England
68%
South America City guide | Pocket guide Rio de Janeiro
68%
North America City guide | Pocket guide San Francisco
68%
Pacific and Australia Region guide | Trips guide Tasmania
68%
North America Pocket guide Vancouver
68%
Asia Pocket guide Jakarta
67%
North America Region guide Maine & Acadia National Park
67%
Pacific and Australia Country guide New Zealand (Aotearoa)
67%
North America Pocket guide Orlando & DisneyWorld
67%
Asia Region guide Thailand's islands
67%
Europe Region guide Sardinia
66%
South America City guide Buenos Aires
65%
Africa Region guide Cape Town and the Garden Route
65%
North America Trips guide San Francisco, Bay Area and Wine country
65%
Europe Pocket guide Valencia
65%
Europe Pocket guide Edinburgh
64%
Europe Pocket guide Glasgow
64%
North America City guide | Pocket guide New Orleans
64%
North America Pocket guide Austin
63%
Europe Pocket guide Bordeaux
63%
Asia Pocket guide Kuala Lumpur and Mekala
63%
North America Region guide | Trips guide New England
63%
North America Region guide Georgia & the Carolinas
62%
Europe Trips guide Normandy & D-Day Beaches
62%
Pacific and Australia Pocket guide Perth & Fremantle
62%
North America Pocket guide Philadelphia
62%
Europe Pocket guide Rotterdam
62%
Europe Country guide Montenegro
61%
Europe Pocket guide Bilbao and San Sebastian
60%
Asia Region guide Borneo
60%
Europe/Asia Multi-country guide Central Asia
60%
Europe Trips guide Cork, Kerry and Southwest Ireland
60%
Asia Region guide Bali, Lombok and Nusa Tenngara
59%
Europe Region guide Crete
59%
North America Region guide Miami and the Keys
59%
North America Pocket guide Portland and the Willamette Valley
59%
Asia Pocket guide Bali
58%
Pacific and Australia Country guide Fiji
58%
North America Pocket guide Miami
58%
Pacific and Australia Pocket guide Brisbane and Gold Coast
57%
Europe Multi-country guide Scandinavia
57%
Europe Pocket guide Genoa and Cinque Terre
56%
Europe Region guide Andalucia
55%
North America Pocket guide Cancun & Riviera Maya
55%
Middle East Multi-Country guide Middle East
55%
North America Region guide Hawai'i (Big Island)
54%
Europe Region guide Canary Islands
53%
Caribbean Region guide Puerto Rico
53%
Europe Pocket guide Bath, Bristol and the Southwest
51%
Asia City guide Kyoto
51%
North America Region guide Nova Scotia, New Brunswick and Prince Edward Island
51%
Europe Trips guide Tuscany
51%
Pacific and Australia Pocket guide Canberra
50%
Europe Pocket guide Dubrovnik and the Dalmatian coast
50%
Europe Region guide Devon and Cornwall
48%
Pacific and Australia Multi-Country guide Rarotonga, Samoa & Tonga
48%
Central America Multi-Country guide Central America
47%
Pacific and Australia Trips guide The "Outback"
47%
Africa Pocket guide Marrakesh
46%
Antarctica Multi-Country guide Antarctica (and Southern Islands)
45%
Asia Pocket guide Phuket
45%
Europe Multi-country guide Eastern Europe
44%
South America Multi-Country guide South America
43%
Asia Region guide South India and Kerala
43%
Europe Region guide Provence & Cote d'Azur
42%
Europe Region guide Southern Italy
42%
Europe Trips guide Galway and West Ireland
41%
Pacific and Australia Pocket guide Hobart
41%
Europe Pocket guide Madeira
41%
Europe Region guide Mallorca
41%
North America Pocket guide Charleston and Savannah
40%
Europe Trips guide Chateaux (Castles) of the Loire valley
40%
North America Trips guide Route 66
40%
North America Region guide British Columbia & The Canadian Rockies
39%
Europe Region guide Scotland's Highlands and Islands
39%
Asia Pocket guide Siem Reap and Angkor Wat
39%
Pacific and Australia Region guide Tahiti and French Polynesia
38%
Europe Multi-country guide Western Europe
38%
North America Region guide Honolulu, Waikiki, O'ahu
37%
Pacific and Australia Multi-Country guide Vanuatu and New Caledonia
36%
North America Pocket guide Honolulu
35%
Europe Region guide Italian Lakes
35%
Pacific and Australia Region guide Coastal Queensland and the Great Barrier Reef
34%
Pacific and Australia Region guide New Zealand's North Island
33%
Pacific and Australia Region guide | Trips guide New Zealand's South Island
33%
Europe/Asia Other guide Trans-Siberian Railway
33%
Africa Multi-Country guide East Africa
32%
Europe Pocket guide Ibiza
32%
North America Trips guide Pacific Northwest
32%
Europe Trips guide Provence & Southeast France
32%
Pacific and Australia Pocket guide | Trips guide Auckland & the Bay of Islands
31%
North America National Parks guide Grand Canyon national park
30%
Europe Pocket guide Algarve
29%
Europe Pocket guide Oxford & the Cotswold
29%
Caribbean Multi-Country guide Caribbean Islands
28%
Pacific and Australia Region guide South Australia & Northern Territory
26%
Europe Pocket guide Tenerife
26%
North America National Parks guide Banff, Jasper and Glacier national parks
25%
North America National Parks guide Yosemite, Sequoia and Kings Canyon national parks
22%
Africa Multi-Country guide Southern Africa
21%
Europe Pocket guide Lake District
18%
Europe Pocket guide Reykjavik and Southwest Iceland
18%
Pacific and Australia Multi-Country guide South Pacific
18%
North America Region guide Western USA
18%
North America Region guide Northern California
16%
North America National Parks guide Zion and Bryce Canyon national parks
16%
North America Region guide | Trips guide Southwest USA
15%
North America Region guide Eastern USA
14%
North America National Parks guide Great Smoky Mountains national park
14%
Europe Trips guide Amalfi Coast
13%
North America Region guide Maui
11%
Europe Multi-country guide Western Balkans
8%
North America Region guide Coastal California
7%
North America Region guide Kaua'i
7%
North America Trips guide Blue Ridge Parkway
4%
Pacific and Australia Region guide East Coast of Australia
4%
Asia Pocket guide Ko Samui
4%
Pacific and Australia Region guide West Coast of Australia
4%
Pacific and Australia Trips guide Coastal Victoria
3%
Europe Trips guide Spain and Portugal
3%
North America Trips guide Civil War trails
2%
North America Trips guide San Antonio, Austin and Texas backcountry
2%
North America Trips guide Pacific Coast Highways
1%
No matching quizzes found
Score Distribution
Percent of People with Each Score
Percentile by Number Answered
Your Score History
You have not taken this quiz